Thông lệ và chuẩn mực kế toán quốc tế

Uloženo v:
Podrobná bibliografie
Hlavní autor: Nguyễn Đình Đỗ
Médium: Kniha
Jazyk:Undetermined
Vydáno: H. Xây Dựng 2002
Témata:
Tagy: Přidat tag
Žádné tagy, Buďte první, kdo otaguje tento záznam!
Thư viện lưu trữ: Trung tâm Học liệu Trường Đại học Cần Thơ
LEADER 00516nam a2200181Ia 4500
001 CTU_54421
008 210402s9999 xx 000 0 und d
020 |b 18000 
082 |a 657 
082 |b Đ450 
100 |a Nguyễn Đình Đỗ 
245 0 |a Thông lệ và chuẩn mực kế toán quốc tế 
245 0 |c Nguyễn Đình Đỗ 
260 |a H. 
260 |b Xây Dựng 
260 |c 2002 
650 |a accounting 
980 |a Trung tâm Học liệu Trường Đại học Cần Thơ